| LEADER |
01011nam0a2200241 450 |
| 001 |
16849197 |
| 010 |
|
|
|a 978-2-88480-755-5
|b rel.
|d 5,5
|
| 100 |
|
|
|a 20190625d2017 u u0frey01 ba
|
| 101 |
0 |
|
|a fre
|
| 102 |
|
|
|a CH
|
| 200 |
0 |
|
|a Max et Lili décident de mieux manger
|f Dominique de Saint Mars
|g [illustrations] Serge Bloch
|
| 207 |
|
1 |
|a
|
| 210 |
|
|
|a Paris
|b Suisse
|c Calligram
|d 2017
|
| 215 |
|
|
|a 1 volume (43 p.)
|c illustrations en couleurs, couverture illustrée en couleurs
|d 16 cm
|
| 225 |
1 |
|
|a Ainsi va la vie
|v 114
|
| 300 |
|
|
|a Premières lectures
|
| 330 |
|
|
|a La grand-mère de Max et Lili fait découvrir aux deux enfants les bienfaits d'une alimentation saine et savoureuse. Electre 2017.
|
| 461 |
|
0 |
|t Ainsi va la vie
|v 114
|
| 700 |
|
0 |
|a Saint Mars
|b Dominique de
|c Auteur du texte
|f 1949-....
|4 70
|
| 702 |
|
0 |
|a Bloch
|b Serge
|c Illustrateur
|f 1956-....
|4 440
|
| 900 |
|
|
|a Roman (enfants)
|
| 901 |
|
|
|a Jeunesse
|
| 995 |
|
|
|a Médiathèque
|c Médiathèque
|f 089016875
|h 089016875
|k E SAI
|o p
|q j
|r az
|e Médiathèque
|